| 000 | 00766nam a2200253Ia 4500 | ||
|---|---|---|---|
| 001 | Z_693 | ||
| 003 | CHAP | ||
| 008 | 220113s1978 xx 000 0 und d | ||
| 010 | _a163786 | ||
| 040 | _cCHAP | ||
| 090 | _aTesis V 175 | ||
| 100 |
_aVega Cruz, Leonardo _9118250 |
||
| 245 |
_aSituación actual de la ganadería bovina en la zona centro del estado de Veracruz; encuesta realizada en II municipios / _cpor Leonardo Vega Cruz |
||
| 260 |
_aChapingo, Méx. : _bEl autor, _c1978 |
||
| 300 | _a147 h. gráfs. | ||
| 502 | _aTesis (Ing. Agrónomo Esp. en Zootecnia) -- ENA. Departamento de Zootecnia | ||
| 650 |
_aGanado vacuno _xVeracruz _9137570 |
||
| 901 | _aTESIS V 175 | ||
| 902 | _aM | ||
| 910 | _a1978 | ||
| 942 | _c2 | ||
| 942 | _c2 | ||
| 999 |
_c163786 _d163786 |
||